Canción de navidad: cuento

Na minha lista:
Detalhes bibliográficos
Autor principal: Dickens, Charles (Author)
Formato: Livro
Idioma:espanhol
Publicado em: Santiago Zig-Zag 1960
Assuntos:
Tags: Adicionar Tag
Sem tags, seja o primeiro a adicionar uma tag!

MARC

LEADER 00000cam a2200000 a 4500
001 UCH0368
003 CL-VaPUC
008 090306e19600000CL |||||||||||||||||spa|d
082 0 4 |a 823  |b DIC  |2 21 
100 0 |a Dickens, Charles  |e author  |9 319540 
245 1 0 |a Canción de navidad: cuento 
300 |a 127 p 
942 |c BK 
945 |d 20090306 00:00:00  |a cmena 
260 |a Santiago  |b Zig-Zag  |c 1960 
650 0 |a Literatura inglesa  |9 312907 
650 0 |a Novelas inglesas  |9 265220 
650 0 |a Cuentos ingleses  |9 265135 
583 |a last modification  |c 20151103 12:35:12  |k Rodrigo Vera 
999 |c 332699  |d 332697 
952 |0 0  |1 0  |4 0  |6 823_000000000000000_DIC_1960  |7 0  |8 A  |9 420566  |a BIBEDU  |b BIBEDU  |d 2019-11-22  |i 4519213  |o 823 DIC 1960  |p 4519213  |r 2019-11-22  |w 2019-11-22  |y BK  |k LIT 
952 |0 0  |1 0  |3 erb  |4 0  |6 823_000000000000000_DIC_1960  |7 0  |8 A  |9 420567  |a BIBEDU  |b BIBEDU  |i 5210577  |o 823 DIC 1960  |p 5210577  |r 2019-11-22  |w 2019-11-22  |y BK  |z Catalogado en:20151106  |k EDU